MARC

LEADER 00000nam0a2200000 4500
001 271102
005 20231101234414.0
020 |a RU  |b 87-38455 
035 |a (RuTPU)RU\TPU\book\294283 
090 |a 271102 
100 |a 20141004d1987 k y0rusy5003 ca 
101 0 |a rus 
102 |a GE 
105 |a a z 001zy 
200 1 |a Фотоанизотропные и фотогиротропные явления в конденсированных средах и поляризационная голография  |e [сборник]  |f Академия наук Грузинской ССР (АН ГрузССР), Институт кибернетики 
210 |a Тбилиси  |c Мецниереба  |d 1987 
215 |a 123 с.  |c ил.  |d 20 см 
320 |a Библиогр.: с. 116-120 (109 назв.) 
606 1 |a Конденсированные системы  |2 stltpush  |3 (RuTPU)RU\TPU\subj\15333  |9 41585 
606 1 |a Акустическая голография  |2 stltpush  |3 (RuTPU)RU\TPU\subj\1704  |9 30411 
610 1 |a фотогиротропные явления 
610 1 |a светочувствительные системы 
610 1 |a фотоанизотропные явления 
610 1 |a поляризованное излучение 
610 1 |a сенситометрические измерения 
610 1 |a среды 
610 1 |a активация 
610 1 |a органические красители 
610 1 |a галогениды серебра 
610 1 |a фотохромные стекла 
610 1 |a активизированные стекла 
675 |a 538.9  |z rus  |v 3 
675 |a 778.4  |z rus  |v 3 
712 0 2 |a Академия наук Грузинской ССР (АН ГрузССР)  |b Институт кибернетики  |2 stltpush  |3 (RuTPU)RU\TPU\col\17631 
801 0 |a RU  |b RuMRKP  |c 19960705  |g psbo 
801 1 |a RU  |b 63413507  |c 20141004 
801 2 |a RU  |b 63413507  |c 20161207  |g RCR 
942 |c BK